Determinanty účinného využitia informačných technológií v podnikoch služieb

Kľúčové oblasti implementácie informačných technológií podľa charakteru produkcie jednotlivých odborov služieb. Podniková stratégia a špecifické vlastnosti služieb. Využívanie informačných a komunikačných technológií v podnikoch služieb v globalizačnom prostredí.

Guardado en:
Detalles Bibliográficos
Autor principal: Benešová, Dana, 1958-
Formato: Capítulo de libro
Lenguaje:eslovaco
Materias:
Etiquetas: Agregar Etiqueta
Sin Etiquetas, Sea el primero en etiquetar este registro!

MARC

LEADER 00000naa$a2200000$$$4500
001 0128801
005 20240502072459.0
041 0 |a slo 
044 |a SK 
245 1 0 |a Determinanty účinného využitia informačných technológií v podnikoch služieb  |c Dana Benešová 
520 |a Kľúčové oblasti implementácie informačných technológií podľa charakteru produkcie jednotlivých odborov služieb. Podniková stratégia a špecifické vlastnosti služieb. Využívanie informačných a komunikačných technológií v podnikoch služieb v globalizačnom prostredí. 
610 2 0 |a služby 
610 2 0 |a služby informačné 
610 2 0 |a služby obchodné 
610 2 0 |a služby podnikateľské 
610 2 0 |a prosperita ekonomická 
610 2 0 |a procesy podnikové 
610 2 0 |a technológie informačné 
610 2 0 |a technológie komunikačné 
610 2 0 |a trh spotrebiteľský 
100 1 |a Benešová, Dana, 1958-